[Event "Lansing op"]
[Site "Lansing"]
[Date "2004.09.06"]
[Round "6"]
[White "Li, Wei"]
[Black "Bailey, Gregory E"]
[Result "1-0"]
[WhiteElo "1820"]
[BlackElo "1921"]
[PlyCount "59"]
[EventDate "2004.09.03"]
[EventType "swiss"]
[EventRounds "7"]
[EventCountry "USA"]
[SourceTitle "EXT 2007"]
[Source "ChessBase"]
[SourceDate "2006.11.23"]
[SourceVersion "1"]
[SourceVersionDate "2006.11.23"]
[SourceQuality "1"]

1. d4 f5 2. c4 Nf6 3. Nc3 e6 4. Nf3 d6 5. Bg5 Be7 6. b4 a5 7. b5 Nbd7 8. e3 0-0 9. Bd3 g6 10. Rc1 e5 11. Bxf6 Bxf6 12. dxe5 Nxe5 13. 0-0 Nxd3 14. Qxd3 b6 15. Qd5+ Be6 16. Qxe6+ Kg7 17. Qd5 Qd7 18. Nd4 Rae8 19. Qc6 Qf7 20. Nd5 Bd8 21. Nf4 g5 22. Nfe2 Re5 23. f4 Rc5 24. Qf3 g4 25. Qf2 Re8 26. Ng3 h5 27. Qc2 Rf8 28. e4 fxe4 29. Nxe4 Bf6 30. Qd3 1-0

[Event "Auburn Hills op"]
[Site "Auburn Hills"]
[Date "2004.04.17"]
[Round "2"]
[White "Gregory, Kevin"]
[Black "Li, Wei"]
[Result "0-1"]
[WhiteElo "1741"]
[BlackElo "1756"]
[PlyCount "76"]
[EventDate "2004.04.17"]
[EventType "swiss"]
[EventRounds "5"]
[EventCountry "USA"]
[SourceTitle "EXT 2008"]
[Source "ChessBase"]
[SourceDate "2007.11.25"]
[SourceVersion "1"]
[SourceVersionDate "2007.11.25"]
[SourceQuality "1"]

1. e4 c5 2. d4 cxd4 3. c3 dxc3 4. Nxc3 e6 5. Bc4 a6 6. Nf3 Nc6 7. 0-0 Be7 8. Qe2 d6 9. Rd1 Qc7 10. Bf4 b5 11. Bb3 Bb7 12. Rac1 Rd8 13. a3 h6 14. Rc2 Nf6 15. e5 Nh5 16. Be3 dxe5 17. Rxd8+ Bxd8 18. Ne4 0-0 19. Bc5 Nf4 20. Qe3 Be7 21. Bb6 Qb8 22. Bc5 Rd8 23. Rd2 Ba8 24. Bxe7 Nxe7 25. Rxd8+ Qxd8 26. Nxe5 Nfg6 27. Nxg6 Nxg6 28. Qd2 Qxd2 29. Nxd2 Nf4 30. Bc2 Bxg2 31. Be4 Bxe4 32. Nxe4 Nd3 33. b3 Kf8 34. Kf1 f5 35. Nc3 Ke7 36. b4 Kd6 37. Ke2 Nf4+ 38. Ke3 Nd5+ 0-1

[Event "Warren Bottom-Half U1700 op"]
[Site "Warren"]
[Date "2003.06.21"]
[Round "2"]
[White "Saylor, Oliver"]
[Black "Li, Wei"]
[Result "0-1"]
[WhiteElo "1549"]
[BlackElo "1692"]
[PlyCount "32"]
[EventDate "2003.06.21"]
[EventType "swiss"]
[EventRounds "5"]
[EventCountry "USA"]
[SourceTitle "EXT 2008"]
[Source "ChessBase"]
[SourceDate "2007.11.25"]
[SourceVersion "1"]
[SourceVersionDate "2007.11.25"]
[SourceQuality "1"]

1. e4 c5 2. Nf3 Nc6 3. d4 cxd4 4. Nxd4 e5 5. Nb3 Nf6 6. Bg5 Be7 7. Nc3 0-0 8. Be2 a6 9. 0-0 b5 10. a3 d6 11. Qd2 Be6 12. Nc1 Nd4 13. Bd1 d5 14. exd5 Nxd5 15. Bxe7 Nxe7 16. N3e2 Nf3+ 0-1

[Event "Motor City op"]
[Site "Warren"]
[Date "2002.11.30"]
[Round "5"]
[White "Li, Wei"]
[Black "Bailey, Gregory E"]
[Result "1-0"]
[WhiteElo "1531"]
[BlackElo "1956"]
[PlyCount "76"]
[EventDate "2002.11.29"]
[EventType "swiss"]
[EventRounds "7"]
[EventCountry "USA"]
[SourceTitle "EXT 2009"]
[Source "ChessBase"]
[SourceDate "2008.11.26"]
[SourceVersion "1"]
[SourceVersionDate "2008.11.26"]
[SourceQuality "1"]

1. d4 Nf6 2. Bg5 Ne4 3. Bf4 c5 4. f3 Nf6 5. c3 b6 6. dxc5 bxc5 7. e4 Qb6 8. Qc2 Nc6 9. Bd3 e5 10. Be3 a5 11. Nd2 d5 12. exd5 Nxd5 13. Bf2 Nf6 14. Ne4 Qc7 15. Ne2 Be7 16. 0-0 0-0 17. N2g3 g6 18. Rfe1 Be6 19. Nd2 Rfd8 20. b3 Qd7 21. Be4 Nxe4 22. Ngxe4 c4 23. Nc5 cxb3 24. axb3 Bxc5 25. Bxc5 Qd5 26. b4 axb4 27. cxb4 Rxa1 28. Rxa1 Nxb4 29. Qc3 Na2 30. Qe3 Rc8 31. Ne4 Kg7 32. h4 h6 33. Be7 f5 34. Bf6+ Kh7 35. Qa7+ Bf7 36. Nd6 Rf8 37. Qe7 Kg8 38. Nxf7 Qxf7 1-0